MARC

LEADER 00000nam a2200000Ia 4500
003 BGR
005 20260324175749.0
008 160829s9999 xx 000 0 cat d
100 1 |a Udina Castell, Lluís Maria,  |d 1938-2010  |9 21618 
245 |a Aniversario de la Academia Tastavins / por Luis Ma. Udina 
260 |a San Jorge, núm. 77 (1r trimestre 1970), pàg 56 
610 2 0 |9 70083  |a Acadèmia Tastavins Sant Humbert (Vilafranca del Penedès)  |x Aniversaris, etc. 
901 |a Arxiu 
942 |n 1  |2 udc  |c MON 
952 |0 0  |1 0  |4 0  |7 1  |9 49619  |a Arxiu  |b Arxiu  |d 2016-12-01  |l 0  |r 2016-12-01 00:00:00  |w 2016-12-01  |y ARXIU 
999 |c 53461  |d 53461